[Event "Canadian op"]
[Site "Ottawa"]
[Date "1980.07.19"]
[Round "1"]
[White "Webb, Robert"]
[Black "Pacey, Kevin"]
[Result "0-1"]
[WhiteElo "1671"]
[BlackElo "1885"]
[PlyCount "65"]
[EventDate "1980.07.19"]
[EventType "swiss"]
[EventRounds "10"]
[EventCountry "CAN"]
[SourceTitle "EXT 2022"]
[Source "ChessBase"]
[SourceDate "2021.10.06"]
[SourceVersion "1"]
[SourceVersionDate "2021.10.06"]
[SourceQuality "1"]

1. c4 f5 2. Nc3 Nf6 3. g3 g6 4. Bg2 Bg7 5. d4 d6 6. Nf3 0-0 7. 0-0 c6 8. Rb1 Ne4 9. Nxe4 fxe4 10. Ng5 d5 11. cxd5 cxd5 12. Qb3 e6 13. Be3 Nc6 14. Rbd1 Nxd4 15. Bxd4 Qxg5 16. Bxg7 Kxg7 17. Rc1 Rf7 18. Rc2 b6 19. Rfc1 Bb7 20. Rc7 Raf8 21. Bh3 Qf6 22. Qc3 d4 23. Qe1 Qe5 24. Rxf7+ Rxf7 25. Bg2 Bd5 26. b3 g5 27. Qb4 Qf6 28. Rf1 e5 29. e3 a5 30. Qb5 Qc6 31. Qe2 d3 32. Qb2 Qd6 33. Qd4 0-1